Les films se déroulant en prison - Statistiques

Statistiques générales
  • Ce quiz a été pris 223 fois
  • Le résultat moyen est 5 sur 20
Statistiques - réponses
Par images Réponse % Correct
La Ligne verte
95%
Les Évadés
78%
Le Silence des agneaux
73%
Shutter Island
58%
American History X
54%
La Grande Évasion
26%
Un prophète
25%
Je verrai toujours vos visages
23%
Midnight Express
22%
L'Évadé d'Alcatraz
18%
Omar m'a tuer
17%
Papillon
15%
Le Trou
9%
Hunger
7%
Dog Pound
6%
Un condamné à mort s'est échappé
4%
Éperdument
3%
La Taularde
2%
Les Poings contre les murs
2%
Une prière avant l’aube
1%
Aucun quiz correspondant
Distribution des résultats
% des personnes avec chaque résultat
Percentile par nombre de réponses
Votre historique - résultats
Vous n’avez pas pris ce quiz